| 000 | 00548nam a2200181Ia 4500 | ||
|---|---|---|---|
| 008 | 140626s9999 xx 000 0 und d | ||
| 100 | _aFrings, Daniel. | ||
| 245 | 4 |
_aThe effects of group monitoring on fatigue-related Einstellung during mathematical problem solving / _cDaniel Frings. |
|
| 260 | _cc2011. | ||
| 300 | _a17 : 4, page 371 | ||
| 440 | _aJournal of Experimental Psycholgy : Applied | ||
| 521 | _aPSYCH | ||
| 650 | _aEinstellung. | ||
| 650 | _aGroup fatigue. | ||
| 650 | _aProblem solving. | ||
| 650 | _aSleep. | ||
| 942 | _cSE | ||
| 999 |
_c121329 _d121329 |
||